| LEADER | 00941cam a2200217 i 4500 | ||
|---|---|---|---|
| 001 | 17742858 | ||
| 005 | 20210117210304.0 | ||
| 008 | 130517s2013 nyuab b 001 0 eng | ||
| 020 | |a 9781107038226 | ||
| 040 | |a GR-PaULI |b gre |c GR-PaULI |e AACR2 |d | ||
| 041 | |a eng | ||
| 082 | 0 | 0 | |a 292.51 |2 23 |
| 100 | 1 | |a Rutherford, Ian, |d 1959- |e συγγραφέας | |
| 245 | 1 | 0 | |a State pilgrims and sacred observers in ancient Greece : |b a study of Theoria and Theoroi / |c Ian Rutherford |
| 300 | |a xxviii, 534 σ. : |b εικ. ; |c 26 εκ. | ||
| 504 | |a Περιλαμβάνει βιβλιογραφικές αναφορές και ευρετήριο | ||
| 651 | 0 | |a Ελλάδα |x Θρησκεία |9 6763 | |
| 942 | |2 ddc |c BK15 | ||
| 952 | |0 0 |1 0 |2 ddc |4 0 |6 292_510000000000000_RUT |7 0 |9 209009 |a LISP |b LISP |c BSC |d 2017-01-23 |i 135602 |l 0 |o 292.51 RUT |p 025000253605 |r 2017-01-23 00:00:00 |t 1 |v 2017.00 |w 2017-01-23 |y BK15 | ||
| 998 | |c ΜΠΟΥΡΑΣ |d 2017-01 | ||
| 999 | |c 127148 |d 127148 | ||